| 000 | 00795cam a2200217 4500 | ||
|---|---|---|---|
| 005 | 20151204133951.0 | ||
| 008 | 151204b mx ||||| |||| 00| 0 spa d | ||
| 050 | 0 | 4 |
_aD13 _bC65 1952 |
| 100 | 1 |
_aCollingwood, R. G., _d[1889-1943], _q[Robin George Collingwood] |
|
| 245 | 1 | 0 |
_aIdea de la historia / _cRobin George Collingwood ; traducción de Edmundo O'Gorman y Jorge Hernández Campos. |
| 250 | _a1a ed. | ||
| 260 |
_aMexico : _bFondo de Cultura Economica, _c1952 |
||
| 300 |
_a610 p. ; _c20cm. |
||
| 500 | _aNota: Traducción de: The idea of history | ||
| 504 | _aIncluye índice | ||
| 650 | 7 |
_2LEMB _a Historiografía |
|
| 650 | 7 |
_2LEMB _aHistoria _x Filosofía |
|
| 700 | 1 |
_aHernandez Campos, Jorge, _e tr. |
|
| 700 | 1 |
_aO'Gorman, Edmundo, _d 1906-1995, _e tr. |
|
| 942 |
_2lcc _cLIB |
||
| 999 |
_c110201 _d110201 |
||